000 00328nam a2200133Ia 4500
008 240624s9999 xx 000 0 und d
041 _aeng
082 _a920 SHE
100 _aSHEWAN M A
245 _aJ R D TATA
260 _c2011
_aMumbai
_bHimalaya Publishing House
300 _avii, : 256 : p. : cm. ; 22
365 _cRS
_b30
999 _c19536
_d19536